000 00582nam a2200193Ia 4500
008 191130s2010##################000#0#eng##
020 _a9780444530288
040 _aACL
_cACL
082 _a536.7 PAR
100 _aParmon, Valentin
245 _aThermodynamics of non-equilibrium processes for chemists with a particular application to catalysis
_cValentin Parmon
260 _aAmsterdam
_bElsevier
_c2010
300 _axviii, 321p
500 _aIncludes index
650 _aThermodynamics
990 _adb054636ac10000c13d654c79fabb22e
991 _a369472
999 _c77803
_d77803